Biological adhesive systems : (رقم التسجيلة. 24181)

تفاصيل مارك
000 -الفاتح
حقل البيانات ثابتة الطول 00855cam a22002655a 4500
001 - رقم الضبط
رقم الضبط 16489458
003 - محدد رقم الضبط
رقم الضبط OSt
005 - وقت وتاريخ اخر تعامل مع التسجيلة
رقم الضبط 20150408114045.0
008 - عناصر البيانات ثابتة الطول - معلومات عامة
حقل البيانات ثابتة الطول 101005s2010 nyu 000 0 eng
010 ## - رقم ضبط مكتبة الكونجرس
رقم ضبط مكتبة الكونجرس 2010938616
020 ## - الرقم الدولى المعيارى للكتب
الرقم الدولى المعيارى للكتاب 9783709101414 (hardcover : alk. paper)
040 ## - مصدر الفهرسة
وكالة الفهرسة الأصلية DLC
وكالة النسخ MU
042 ## - رمز التحقق
رمز التحقق pcc
082 ## - رقم تصنيف ديوى العشرى
رقم الطبعة 21
رقم التصنيف 571.6
رقم المادة B I A
245 00 - بيان العنوان
العنوان Biological adhesive systems :
بقية العنوان from nature to technical and medical application /
بيان المسئوليه,etc [edited by] Janek von Byern, Ingo Grunwald.
250 ## - بيان الطبعة
بيان الطبعة 1st ed.
260 ## - PUBLICATION, DISTRIBUTION, ETC. (IMPRINT)
مكان الناشر او الموزع New York :
اسم الناشر او الموزع Springer,
تاريخ النشر أو التوزيع 2010.
263 ## - تاريخ النشر المتوقع
تاريخ النشر المتوقع 1011
300 ## - الوصف المادى
التعداد xi, 305 p. : ill. (some col.) ; 27 cm.
650 #4 - المدخل الاضافى بالموضوع-مصطلح موضوعى
مصطلح موضوعي أو اسم جغرافي كعنصر مدخل Cell adhesion.
9 (RLIN) 15953
650 #4 - المدخل الاضافى بالموضوع-مصطلح موضوعى
مصطلح موضوعي أو اسم جغرافي كعنصر مدخل Cell adhesion molecules.
9 (RLIN) 15954
906 ## - عنصر بيانات محلى F, LDF (RLIN)
a 0
b ibc
c orignew
d 2
e epcn
f 20
g y-gencatlg
942 ## - عناصر المدخل الإضافي( كوها)
مصدر التصنيف او مخطط الترفيف Dewey Decimal Classification
Koha [default] item type DVD
المقتنيات
حالة الفقد نموذج السعر الفعال حالة تلف ليس للاعارة رقم الطلب رقم النسخة تاريخ الاكتساب الموقع الحالي الباركود الفرع الرئيسي Date last seen نوع المادة فى نظام كوها مصدر التصنيف او خطة الترفيف Total Checkouts
  2013-03-10     571.6 B I A C.1 2012-06-23 المكتبة المركزية بالمجمعة (CL) 00109719 المكتبة المركزية بالمجمعة (CL) 2013-03-10 كتاب Dewey Decimal Classification  
  2013-03-10     571.6 B I A C.2 2012-06-23 المكتبة المركزية بالمجمعة (CL) 00109718 المكتبة المركزية بالمجمعة (CL) 2013-03-10 كتاب Dewey Decimal Classification  
  2013-03-10     571.6 B I A C.3 2012-06-23 المكتبة المركزية بالمجمعة (CL) 00109717 المكتبة المركزية بالمجمعة (CL) 2013-03-10 كتاب Dewey Decimal Classification